The FSI (Foreign Service Institute) reader on Japan / (Record no. 819)

MARC details
000 -LEADER
fixed length control field 00778nam a2200205 4500
003 - CONTROL NUMBER IDENTIFIER
control field OSt
005 - DATE AND TIME OF LATEST TRANSACTION
control field 20240618061429.0
008 - FIXED-LENGTH DATA ELEMENTS--GENERAL INFORMATION
fixed length control field 240618b |||||||| |||| 00| 0 eng d
020 ## - INTERNATIONAL STANDARD BOOK NUMBER
International Standard Book Number 9789715520881
040 ## - CATALOGING SOURCE
Original cataloging agency DWCL-Main lib.
Transcribing agency OC
082 ## - DEWEY DECIMAL CLASSIFICATION NUMBER
Classification number Circ. 327.219 F714j 2011
006 - FIXED-LENGTH DATA ELEMENTS--ADDITIONAL MATERIAL CHARACTERISTICS
fixed length control field a
245 ## - TITLE STATEMENT
Title The FSI (Foreign Service Institute) reader on Japan /
Statement of responsibility, etc. edited by Rhodora M. Joaquin, Eileen M. Arquiza
260 ## - PUBLICATION, DISTRIBUTION, ETC.
Place of publication, distribution, etc. Pasay City, Phils. :
Name of publisher, distributor, etc. Foreign Service Institute, Department of Foreign Affairs,
Date of publication, distribution, etc. c2011.
300 ## - PHYSICAL DESCRIPTION
Extent v,
Other physical details 255 p. ;
Dimensions 21 cm.
650 ## - SUBJECT ADDED ENTRY--TOPICAL TERM
Topical term or geographic name entry element 1. Philippines–International relations–Japan.
650 ## - SUBJECT ADDED ENTRY--TOPICAL TERM
Topical term or geographic name entry element 2. Philippines–Diplomatic and consular service–Japan.
700 ## - ADDED ENTRY--PERSONAL NAME
Personal name edited by Rhodora M. Joaquin, Eileen M. Arquiza
942 ## - ADDED ENTRY ELEMENTS (KOHA)
Source of classification or shelving scheme Dewey Decimal Classification
Suppress in OPAC No
Koha item type Book Circulation
Call number prefix Circ.
Holdings
Withdrawn status Lost status Source of classification or shelving scheme Damaged status Not for loan Home library Current library Date acquired Source of acquisition Total Checkouts Full call number Barcode Date last seen Copy number Price effective from Koha item type Uniform Resource Identifier
    Dewey Decimal Classification     College Library College Library 02/06/2013 Donation   Circ. 327.219 F714j 2011 49780 06/18/2024 c1 06/18/2024 Book Circulation
    Dewey Decimal Classification     College Library College Library 02/06/2013 Donation   Circ. 327.219 F714j 2011 49781 06/18/2024 c2 06/18/2024 Book Circulation